01088 a2200181 45000010006000000050017000060080041000230030015000640400040000790800038001192450040001570200018001972640068002153000019002835050554003021000016008567000034008722688520260407155546.0260407a1981 arg spa dAR-UNSa-BCEJYS aAR-UNSa-BCEJYSbspacAR-UNSa-BCEJYS a711(09)xHistoría del Urbanismo10aHistoria del urbanismopEl siglo XX a84-7088-275-9 1aMadrid :bInstituto de Estudios de Administración Localc1981 a768 p.c25 cm. a1. La formación del urbanismo, como disciplina autónoma, entre los siglos XIX, XX - 2. La arquitectura y el urbanismo en el período comprendido entre las dos guerras mundiales - 3. El período comprendido entre las dos guerras en Alemania - 4. El período comprendido entre las dos guerras en la Unión Sovietica - 5. Italia en el período comprendido entre las dos guerras mundiales - 6. Las vicisitudes urbanísticas en otros países europeos - 7. Ciudad y territorio en los Estados Unidos, entre la primera y la segunda guerra mundial1 aSica, Paolo1 aHernández Orozco, Joaquín